Wszystkie miejscowości z gry Kingdom come: Deliverance - Statystyki

Ogólne statystyki
  • Ten quiz został rozwiązany 31 razy
  • Średni wynik to 8 z 12
Statystyki odpowiedzi
Odpowiedź % Poprawnych
Rataje
96%
Skalica
93%
Sazawa
82%
Przybysławice
79%
Użyce
79%
Ledeczko
61%
Talmberk
61%
Wranik
61%
Merchojedy
57%
Równa
57%
Neuhof
54%
Samopsza
46%
Nie znaleziono quizów pasujących do podanych kryteriów
Rozkład punktacji
Procent ludzi z każdym wynikiem
Percentyl według liczby udzielonych odpowiedzi
Twoja historia wyników
Nie rozwiązałeś tego quizu